China and Islam : (Record no. 523555)

000 -LEADER
fixed length control field 02530cam a2200373 i 4500
001 - CONTROL NUMBER
control field 18945691
003 - CONTROL NUMBER IDENTIFIER
control field NUST
005 - DATE AND TIME OF LATEST TRANSACTION
control field 20190426160906.0
008 - FIXED-LENGTH DATA ELEMENTS--GENERAL INFORMATION
fixed length control field 160122s2016 nyuab b 001 0 eng
010 ## - LIBRARY OF CONGRESS CONTROL NUMBER
LC control number 2016003010
020 ## - INTERNATIONAL STANDARD BOOK NUMBER
International Standard Book Number 9781107053373 (hardback)
038 ## - RECORD CONTENT LICENSOR
Staff Name AZHAR
040 ## - CATALOGING SOURCE
Original cataloging agency DLC
Language of cataloging eng
Transcribing agency DLC
Description conventions rda
Modifying agency DLC
042 ## - AUTHENTICATION CODE
Authentication code pcc
043 ## - GEOGRAPHIC AREA CODE
Geographic area code a-cc---
050 00 - LIBRARY OF CONGRESS CALL NUMBER
Classification number KBP69.C5
Item number E75 2016
082 00 - DEWEY DECIMAL CLASSIFICATION NUMBER
Classification number 342.5108/5297
Edition number 23
100 1# - MAIN ENTRY--PERSONAL NAME
Personal name Erie, Matthew S.,
Relator term author
9 (RLIN) 14190
245 10 - TITLE STATEMENT
Title China and Islam :
Remainder of title the prophet, the party, and law /
Statement of responsibility, etc. Matthew S. Erie, University of Oxford.
264 #1 - PRODUCTION, PUBLICATION, DISTRIBUTION, MANUFACTURE, AND COPYRIGHT NOTICE
Place of production, publication, distribution, manufacture New York, NY :
Name of producer, publisher, distributor, manufacturer Cambridge University Press,
Date of production, publication, distribution, manufacture, or copyright notice 2016.
300 ## - PHYSICAL DESCRIPTION
Extent xvii, 447 pages :
Other physical details illustrations, maps ;
Dimensions 24 cm.
336 ## - CONTENT TYPE
Content type term text
Content type code txt
Source rdacontent
337 ## - MEDIA TYPE
Media type term unmediated
Media type code n
Source rdamedia
338 ## - CARRIER TYPE
Carrier type term volume
Carrier type code nc
Source rdacarrier
490 0# - SERIES STATEMENT
Series statement Cambridge studies in law and society
504 ## - BIBLIOGRAPHY, ETC. NOTE
Bibliography, etc. note Includes bibliographical references (pages 370-435 and index).
505 8# - FORMATTED CONTENTS NOTE
Formatted contents note Machine generated contents note: Introduction: the Party-State enters the mosque; 1. History, the Chinese state, and Islamic law; 2. Linxia at the crossroads; 3. Ritual lawfare; 4. Learning the law; 5. Wedding laws; 6. Moral economies; 7. Procedural justice; Conclusion: law, minjian, and the ends of anthropology.
520 ## - SUMMARY, ETC.
Summary, etc. "China and Islam examines the intersection of two critical issues of the contemporary world: Islamic revival and an assertive China, questioning the assumption that Islamic law is incompatible with state law. It finds that both Hui and the Party-State invoke, interpret, and make arguments based on Islamic law, a minjian (unofficial) law in China, to pursue their respective visions of 'the good'. Based on fieldwork in Linxia, 'China's Little Mecca', this study follows Hui clerics, youthful translators on the 'New Silk Road', female educators who reform traditional madrasas, and Party cadres as they reconcile Islamic and socialist laws in the course of the everyday. The first study of Islamic law in China and one of the first ethnographic accounts of law in postsocialist China, China and Islam unsettles unidimensional perceptions of extremist Islam and authoritarian China through Hui minjian practices of law"--
Assigning source Provided by publisher.
650 #0 - SUBJECT ADDED ENTRY--TOPICAL TERM
Topical term or geographic name entry element Islamic law
Geographic subdivision China.
9 (RLIN) 14191
650 #0 - SUBJECT ADDED ENTRY--TOPICAL TERM
Topical term or geographic name entry element Law
Geographic subdivision China.
9 (RLIN) 14192
906 ## - LOCAL DATA ELEMENT F, LDF (RLIN)
a 7
b cbc
c orignew
d 1
e ecip
f 20
g y-gencatlg
942 ## - ADDED ENTRY ELEMENTS (KOHA)
Source of classification or shelving scheme
Koha item type Book
Holdings
Withdrawn status Lost status Source of classification or shelving scheme Damaged status Not for loan Permanent Location Current Location Shelving location Date acquired Total Checkouts Total Renewals Full call number Barcode Checked out Date last seen Date last checked out Price effective from Koha item type
          NUST Law School (NLS) NUST Law School (NLS) Chinese Studies 04/26/2019 1 1 342.5108/5297 ERI CL-21 04/11/2021 01/07/2021 01/07/2021 04/26/2019 Book
© 2023 Central Library, National University of Sciences and Technology. All Rights Reserved.